000 00285nam a22001337a 4500
008 170612b xxu||||| |||| 00| 0 eng d
020 _a9781586483661
041 _aeng
080 _a94(4)
100 _a17
101 _aSHH
245 _aTHE HITLER BOOK
_cEBERLE,H
942 _2udc
_cBK
999 _c16865
_d16865